| 000 | 00365nam a2200157Ia 4500 | ||
|---|---|---|---|
| 008 | 230312s9999||||xx |||||||||||||| ||und|| | ||
| 020 | _a0-07-160115-3 | ||
| 082 |
_a617.585 _bDUT-O |
||
| 100 | _aDutton;Mark | ||
| 245 | 0 | _aOrthopaedic | |
| 260 |
_bMcGrawHill _aUSA _c2008 |
||
| 300 | _a1814 | ||
| 546 | _aEng. | ||
| 650 |
_aPhysiotherapy _vOrthopaedic |
||
| 942 | _cBK | ||
| 999 |
_c7909 _d7909 |
||